Normal view
MARC view
- Cuento
Entry Materia
001 - NÚMERO DE CONTROL DEL REGISTRO
- campo de control: 3089
003 - IDENTIFICADOR DE NUMERO DE CONTROL
- campo de control: UPN
005 - FECHA Y HORA DE LA ÚLTIMA TRANSACCIÓN
- campo de control: 20240731132949.0
008 - DATOS DE LONGITUD FIJA
- campo de control de longitud fija: nabaccnnaabn|||||||||| b |nc|||||d
035 ## - NÚMERO DE CONTROL DEL SISTEMA
- Número de control del sistema: UPN10000003089
040 ## - FUENTE DE LA CATALOGACIÓN
- Lengua de catalogación: SPA
- Agencia de transcripción: UPN
- Centro catalogador de origen: MX-MxUPN
150 ## - ENCABEZAMIENTO - TEMÁTICO
- Término de materia o nombre geográfico como elemento inicial: Cuento
670 ## - FUENTE EN LA QUE SE LOCALIZARON DATOS
- Cita de la fuente: B
680 ## - NOTA GENERAL CON DESPLIEGUE PÚBLICO
- Texto explicativo: Usase para la teoría y arte de escribir cuentos, su historia y su crítica. Las colecciones aparecen bajo
- Encabezamiento: CUENTOS
902 ## - CATALOGADOR
- Catalogador: MMA/260203
